| 000 | 00408nam a2200157 i 4500 | ||
|---|---|---|---|
| 001 | bg | ||
| 100 | 1 | _aHERTZ, John | |
| 245 | 0 |
_aIntroduction to the Theory of Naural Computation / _cJ. Hertz, A. Krogh, R. Palmer. |
|
| 260 |
_aRadwood City, _c1991. |
||
| 700 | 1 | _aKROGH, Anders | |
| 700 | 1 | _aPALMER, Richard | |
| 040 | _cBPK | ||
| 041 | _apol | ||
| 942 | _cKS | ||
| 008 | s pl f |000 0 pol | ||
| 999 |
_c30122 _d30122 |
||
| 856 |
_uhttp://koha.tu.koszalin.pl/cgi-bin/koha/opac-detail.pl?biblionumber=30122 _yKatalog online BPK |
||